[Event "SVR-ch MTA 34th"]
[Site "Reil"]
[Date "2011.04.16"]
[Round "2"]
[White "Froembgen, Wolfgang"]
[Black "Puth, Dieter"]
[Result "1/2-1/2"]
[WhiteElo "2098"]
[BlackElo "2184"]
[PlyCount "47"]
[EventDate "2011.04.15"]
[EventType "tourn"]
[EventRounds "9"]
[EventCountry "GER"]
[SourceTitle "EXT 2013"]
[Source "ChessBase"]
[SourceDate "2012.11.22"]
[SourceVersion "1"]
[SourceVersionDate "2012.11.22"]
[SourceQuality "1"]

1. e4 c5 2. Nf3 d6 3. d4 cxd4 4. Nxd4 Nf6 5. Nc3 a6 6. Be2 e5 7. Nb3 Be7 8. 0-0 0-0 9. f4 b5 10. Bf3 Bb7 11. Be3 Nbd7 12. Qd3 Re8 13. a4 b4 14. Nd5 Bxd5 15. exd5 e4 16. Bxe4 Nxe4 17. Qxe4 Bf6 18. Qd3 Bxb2 19. Rab1 Bc3 20. Bd4 Bxd4+ 21. Qxd4 Rc8 22. Qxb4 Rxc2 23. Nd4 Rc5 24. Nc6 1/2-1/2

[Event "SVR-ch MTA 33rd"]
[Site "Mendig"]
[Date "2010.04.01"]
[Round "6"]
[White "Kappes, Dieter"]
[Black "Froembgen, Wolfgang"]
[Result "1/2-1/2"]
[WhiteElo "2023"]
[BlackElo "2080"]
[PlyCount "73"]
[EventDate "2010.03.26"]
[EventType "tourn"]
[EventRounds "9"]
[EventCountry "GER"]
[SourceTitle "EXT 2011"]
[Source "ChessBase"]
[SourceDate "2010.11.26"]
[SourceVersion "1"]
[SourceVersionDate "2010.11.26"]
[SourceQuality "1"]

1. e4 e5 2. Nf3 Nc6 3. Bb5 a6 4. Ba4 Nf6 5. 0-0 Be7 6. Re1 b5 7. Bb3 d6 8. c3 0-0 9. h3 Na5 10. Bc2 c5 11. d4 Qc7 12. Nbd2 Nc6 13. d5 Nd8 14. Nf1 Re8 15. g4 g6 16. Bg5 Nd7 17. Qd2 f6 18. Be3 Nb6 19. b3 Nf7 20. Ng3 Kh8 21. Kh2 Bf8 22. Rg1 Bg7 23. Rg2 Qe7 24. Rag1 Rg8 25. Nh4 Nd7 26. Ngf5 Qf8 27. Nxg7 Rxg7 28. g5 Qe7 29. gxf6 Nxf6 30. Nf5 Bxf5 31. exf5 e4 32. fxg6 Ne5 33. Bd1 Rag8 34. gxh7 Rxg2+ 35. Rxg2 Rxg2+ 36. Kxg2 Qg7+ 37. Bg5 1/2-1/2

[Event "SVR-ch MTB 30th"]
[Site "Nickenich"]
[Date "2007.04.05"]
[Round "6"]
[White "Becker, Wilhelm"]
[Black "Froembgen, Wolfgang"]
[Result "1-0"]
[WhiteElo "2031"]
[BlackElo "1962"]
[PlyCount "133"]
[EventDate "2007.03.30"]
[EventType "tourn"]
[EventRounds "9"]
[EventCountry "GER"]
[SourceTitle "EXT 2009"]
[Source "ChessBase"]
[SourceDate "2008.11.26"]
[SourceVersion "1"]
[SourceVersionDate "2008.11.26"]
[SourceQuality "1"]

1. d4 d5 2. c4 dxc4 3. Nf3 Nf6 4. e3 Bg4 5. Bxc4 e6 6. h3 Bh5 7. Nc3 Nbd7 8. Be2 Bd6 9. a3 0-0 10. 0-0 e5 11. dxe5 Nxe5 12. Nd4 Bxe2 13. Qxe2 Qd7 14. Rd1 a6 15. e4 Nc6 16. Nf5 Qe6 17. Nxd6 cxd6 18. Bg5 Ne7 19. Rd2 Rfd8 20. Rad1 h6 21. Bxf6 gxf6 22. Qf3 Qe5 23. Nd5 Nxd5 24. Rxd5 Qxb2 25. Rh5 Kf8 26. Rxh6 Ke7 27. Rh5 Rac8 28. Rd3 Rc7 29. Rf5 Rg8 30. e5 Qb1+ 31. Rd1 Rc1 32. exd6+ Kd7 33. Rfd5 Rg5 34. R5d3 Qb2 35. Rxc1 Qxc1+ 36. Kh2 Qc6 37. Qxc6+ bxc6 38. h4 Rg6 39. g3 f5 40. Kg2 c5 41. Kf3 c4 42. Rd4 Re6 43. Rxc4 Rxd6 44. Kf4 Ke7 45. Rb4 Kf6 46. a4 a5 47. Rc4 Rb6 48. Ke3 Rb3+ 49. Kd4 Rf3 50. Rc6+ Kg7 51. Rc2 Ra3 52. Ke5 Rxa4 53. Kxf5 Ra3 54. Kf4 Ra4+ 55. Kg5 Ra3 56. Kg4 Ra4+ 57. f4 Rb4 58. Rc5 a4 59. Ra5 Rc4 60. h5 Rb4 61. Ra6 Rc4 62. h6+ Kh7 63. Kg5 Rc3 64. g4 Rh3 65. Ra7 Rxh6 66. Rxf7+ Kg8 67. Ra7 1-0

[Event "SVR-ch MTB 30th"]
[Site "Nickenich"]
[Date "2007.04.05"]
[Round "7"]
[White "Froembgen, Wolfgang"]
[Black "Zupcevic, Damir"]
[Result "1/2-1/2"]
[WhiteElo "1962"]
[BlackElo "2014"]
[PlyCount "63"]
[EventDate "2007.03.30"]
[EventType "tourn"]
[EventRounds "9"]
[EventCountry "GER"]
[SourceTitle "EXT 2009"]
[Source "ChessBase"]
[SourceDate "2008.11.26"]
[SourceVersion "1"]
[SourceVersionDate "2008.11.26"]
[SourceQuality "1"]

1. e4 e6 2. d4 d5 3. e5 c5 4. c3 Nc6 5. Nf3 Bd7 6. Be2 Nge7 7. 0-0 Nf5 8. Na3 cxd4 9. cxd4 Qb6 10. Nc2 Na5 11. b4 Nc4 12. a4 a5 13. b5 Rc8 14. Bd3 Qd8 15. Nd2 Nxd2 16. Qxd2 h5 17. Bb2 Be7 18. Rac1 0-0 19. Qe2 h4 20. g4 hxg3 21. hxg3 Nh6 22. Kg2 f5 23. f4 g5 24. Ne3 Rxc1 25. Bxc1 g4 26. Rh1 Kg7 27. Bb2 b6 28. Rc1 Qb8 29. Kf2 Rc8 30. Rh1 Rh8 31. Ng2 Bb4 32. Rc1 1/2-1/2

[Event "SVR-ch MTB 30th"]
[Site "Nickenich"]
[Date "2007.03.31"]
[Round "3"]
[White "Froembgen, Wolfgang"]
[Black "Jacke, Benno"]
[Result "1-0"]
[WhiteElo "1962"]
[BlackElo "2027"]
[PlyCount "65"]
[EventDate "2007.03.30"]
[EventType "tourn"]
[EventRounds "9"]
[EventCountry "GER"]
[SourceTitle "EXT 2009"]
[Source "ChessBase"]
[SourceDate "2008.11.26"]
[SourceVersion "1"]
[SourceVersionDate "2008.11.26"]
[SourceQuality "1"]

1. e4 c5 2. Nf3 Nc6 3. d4 cxd4 4. Nxd4 Nf6 5. Nc3 e5 6. Ndb5 d6 7. Bg5 a6 8. Na3 b5 9. Nd5 Be7 10. Nxe7 Nxe7 11. Bxf6 gxf6 12. c3 Bb7 13. Bd3 f5 14. f3 Rg8 15. Qe2 Ng6 16. g3 fxe4 17. Bxe4 Bxe4 18. Qxe4 d5 19. Qe3 Qc7 20. Nc2 f6 21. 0-0-0 Rd8 22. h4 Rd6 23. h5 Ne7 24. g4 Nc6 25. Qc5 Qd7 26. Ne3 Ne7 27. Rd2 Kf7 28. Rhd1 Rc8 29. Qb4 Qe6 30. Nf5 Nxf5 31. gxf5 Qd7 32. Rg2 Rc4 33. Rdg1 1-0

[Event "SVR-ch MAT-II 29th"]
[Site "Koblenz"]
[Date "2006.04.13"]
[Round "6"]
[White "Froembgen, Wolfgang"]
[Black "Welsch, Dieter"]
[Result "1/2-1/2"]
[WhiteElo "1988"]
[BlackElo "1814"]
[PlyCount "97"]
[EventDate "2006.04.07"]
[EventType "tourn"]
[EventRounds "9"]
[EventCountry "GER"]
[SourceTitle "EXT 2009"]
[Source "ChessBase"]
[SourceDate "2008.11.26"]
[SourceVersion "1"]
[SourceVersionDate "2008.11.26"]
[SourceQuality "1"]

1. e4 e5 2. Nf3 Nc6 3. Nc3 Bc5 4. Bb5 a6 5. Bxc6 dxc6 6. d3 Bg4 7. h3 Bh5 8. g4 Bg6 9. Qe2 Qe7 10. Be3 Nf6 11. 0-0-0 0-0-0 12. Na4 Bxe3+ 13. Qxe3 Kb8 14. Nc3 Nd7 15. Ne2 c5 16. Ng3 f6 17. Nf5 Qe6 18. b3 Rhg8 19. Nd2 b6 20. Nb1 Ka7 21. Nc3 Nb8 22. Nd5 Rd7 23. Rd2 Nc6 24. c3 Bf7 25. f3 Be8 26. Rhd1 g6 27. Ng3 Bf7 28. c4 Nd4 29. Nc3 Rgd8 30. Nce2 Nc6 31. Nc3 Nb4 32. Nd5 Nc6 33. Rf2 Nd4 34. Qe1 c6 35. Nc3 h5 36. Nce2 h4 37. Nf1 Nxe2+ 38. Qxe2 Rd4 39. Kc2 b5 40. Ne3 Qd7 41. Qf1 Qc7 42. Kb1 g5 43. Nc2 R4d7 44. Ne3 Qa5 45. Rc2 Qb4 46. Qe2 Kb6 47. Kb2 Qa5 48. Rcc1 b4 49. Nc2 1/2-1/2

[Event "Duisburg Grossenbaum op"]
[Site "Duisburg"]
[Date "2004.05.31"]
[Round "6"]
[White "Pilat, Daniel"]
[Black "Froembgen, Wolfgang"]
[Result "1-0"]
[WhiteElo "2145"]
[BlackElo "1976"]
[PlyCount "116"]
[EventDate "2004.05.28"]
[EventType "swiss"]
[EventRounds "7"]
[EventCountry "GER"]
[SourceTitle "EXT 2006"]
[Source "ChessBase"]
[SourceDate "2005.11.24"]
[SourceVersion "1"]
[SourceVersionDate "2005.11.24"]
[SourceQuality "1"]

1. e4 c5 2. Nc3 Nc6 3. Bb5 g6 4. Bxc6 bxc6 5. f4 Bg7 6. Nf3 Nf6 7. d3 0-0 8. 0-0 d6 9. f5 gxf5 10. exf5 Bxf5 11. Nh4 Bg6 12. Nf5 Bxf5 13. Rxf5 d5 14. Qe1 Qd7 15. Rf3 e5 16. Qh4 Qg4 17. Qf2 Qe6 18. Rh3 e4 19. Ne2 exd3 20. Nf4 Qg4 21. cxd3 Qd1+ 22. Qf1 Qxf1+ 23. Kxf1 Rab8 24. Rg3 Rb4 25. Bd2 Rbb8 26. Rc1 Kh8 27. Rxc5 Rxb2 28. Bc3 Rb1+ 29. Kf2 Ne8 30. Rxc6 Bxc3 31. Rxc3 Nf6 32. Ra3 Rb7 33. Ra6 Nd7 34. Nxd5 Nb6 35. Nxb6 axb6 36. d4 Rd7 37. Ke3 f5 38. Rf3 Rd6 39. Ra7 Rff6 40. Rh3 Rde6+ 41. Kd3 h6 42. Re3 Kg8 43. Re7 Rc6 44. d5 Rc1 45. Kd4 f4 46. R3e6 Rxe6 47. Rxe6 Rc2 48. Rxb6 Rxa2 49. Rxh6 Rxg2 50. Ke4 Kg7 51. Rh4 Rf2 52. Rg4+ Kh7 53. Rxf4 Rxh2 54. Ke5 Kg7 55. Ke6 Re2+ 56. Kd7 Rd2 57. d6 Rc2 58. Rf5 Kg6 1-0

[Event "Duisburg Grossenbaum op"]
[Site "Duisburg"]
[Date "2004.05.30"]
[Round "4"]
[White "Voge, Andreas"]
[Black "Froembgen, Wolfgang"]
[Result "1-0"]
[WhiteElo "2149"]
[BlackElo "1976"]
[PlyCount "79"]
[EventDate "2004.05.28"]
[EventType "swiss"]
[EventRounds "7"]
[EventCountry "GER"]
[SourceTitle "EXT 2006"]
[Source "ChessBase"]
[SourceDate "2005.11.24"]
[SourceVersion "1"]
[SourceVersionDate "2005.11.24"]
[SourceQuality "1"]

1. e4 e5 2. Nf3 Nc6 3. Bb5 a6 4. Ba4 Nf6 5. 0-0 Be7 6. Re1 b5 7. Bb3 d6 8. c3 0-0 9. h3 Na5 10. Bc2 c5 11. d4 Qc7 12. Nbd2 Nc6 13. Nf1 Nd7 14. d5 Nd8 15. Ng3 g6 16. Bh6 Re8 17. Qd2 f6 18. Be3 Nf7 19. Nh2 Bf8 20. Rf1 Bg7 21. Rae1 Nf8 22. f4 Qe7 23. Rf2 Bd7 24. Ref1 a5 25. Bd1 c4 26. Bg4 Rab8 27. h4 Rb7 28. Bxd7 Nxd7 29. f5 Nh8 30. fxg6 hxg6 31. h5 gxh5 32. Nxh5 Ng6 33. g3 Ngf8 34. Qe2 Qf7 35. Qg4 Qg6 36. Qh4 Nh7 37. Ng4 Rf8 38. Nxg7 Nc5 39. Nh5 Nxe4 40. Ngxf6+ 1-0